The apostles. (Record no. 5125)

000 -LEADER
fixed length control field 00518nam a2200181 a 4500
001 - CONTROL NUMBER
control field :::00002866$&:&@@
003 - CONTROL NUMBER IDENTIFIER
control field OkBaRHE
005 - DATE AND TIME OF LATEST TRANSACTION
control field 20000607103257.0
008 - FIXED-LENGTH DATA ELEMENTS--GENERAL INFORMATION
fixed length control field s1866 j 000 0 eng u
040 ## - CATALOGING SOURCE
Transcribing agency
100 1# - MAIN ENTRY--PERSONAL NAME
Personal name Renan, Ernest, 1823-1892.
245 14 - TITLE STATEMENT
Title The apostles.
260 ## - PUBLICATION, DISTRIBUTION, ETC. (IMPRINT)
Place of publication, distribution, etc New York, NY., :
Name of publisher, distributor, etc Carleton Publisher
Date of publication, distribution, etc c1866
300 ## - PHYSICAL DESCRIPTION
Extent 353 p. ;
Dimensions 18 cm.
650 ## - SUBJECT ADDED ENTRY--TOPICAL TERM
Topical term or geographic name as entry element Apostles
942 ## - ADDED ENTRY ELEMENTS (KOHA)
Source of classification or shelving scheme
Koha item type Books
Copies
Not for loan Permanent Location Date acquired Lost status Damaged status Shelving location Full call number Barcode Date last seen Copy number Price effective from Withdrawn status Source of classification or shelving scheme Koha item type
 RHEMA Bible Training College2010-04-14  General StacksBS 2440 .R328662018-03-1612010-04-14  Books